| 000 | 00893nam a2200229 a 4500 | ||
|---|---|---|---|
| 008 | 120416s1996 ||||||||||||||||| || u | ||
| 020 | _a0821337440 | ||
| 050 | _aIBRD(08) | ||
| 100 | _aSmith, Warrick | ||
| 245 | 1 | 0 |
_aPrivatizing Africa's infrastructure: promise and challenge _cBy Michel Kerf and Warrick Smith |
| 260 |
_aWashington, D.C.: _bWorld Bank _c1996 |
||
| 300 | _axiii, 99p. : ill. | ||
| 350 | _a0.00 | ||
| 490 | _aWorld Bank Technical Papers | ||
| 650 | _aPRIVATIZATION--AFRICA, SUB-SAHARAN | ||
| 650 | 0 | _aECONOMICS | |
| 650 | _aINFRASTRUCTURE--ECONOMICS--AFRICA, SUB-SAHARAN | ||
| 650 | _aINFRASTRUCTURE--ECONOMICS--AFRICA, SUB-SAHARAN--FINANCE | ||
| 700 | _aKerf, Michel | ||
| 710 | _aWorld Bank | ||
| 995 |
_D0.00 _FCBU-MAIN LIBRARY (Kitwe) _H1 _I0.00 _M1 _UAVAILABLE _WNov 11, 2008 _ZInternational Publications |
||
| 999 |
_c54723 _d54723 |
||